000 00289nam a2200109Ia 4500
008 200302s9999 xx 000 0 und d
100 _aGerd Hatie & Other
245 _a1601 Decorating Ideas for Modern Living
260 _bHarry N. Abrams Inc. Publishers
260 _c1998
300 _a296 P.,
999 _c410
_d410